000 004200000a22001690004500
003 MACL
005 20160106113734.0
008 160106b xxu||||| |||| 00| 0 eng d
040 _aMACL
_cMACL
041 _aEnglish
082 _a823/DIC
100 _aDickens, Charles
_910584
245 _aNicholas Nickleby
260 _bOxford University Press
_c1976
_aDelhi
650 _aFiction
_928435
942 _cBK
_k823/DIC
_2ddc
999 _c33902
_d33902